Alle landen waar een Z in zit. - Statistieken

Algemene statistieken
  • Deze quiz is 107 keer genomen
  • De gemiddelde score is 14 van 19
Antwoordstatistieken
Antwoord % Correct
Zimbabwe
98%
Zuid-Korea
98%
Zuid-Afrika
93%
Zuid-Soedan
93%
Zwitserland
93%
Zambia
90%
Zweden
90%
Azerbeidzjan
75%
Brazilië
73%
Nieuw-Zeeland
68%
Oezbekistan
63%
Venezuela
63%
Belize
58%
Kazachstan
58%
Mozambique
58%
Kirgizië
55%
Tadzjikistan
50%
Tanzania
45%
Bosnië en Herzegovina
35%
Geen overeenkomende quizzen gevonden
Scoreverdeling
Procent van Mensen met Elke Score
Percentiel versus Aantal Correcte Antwoorden
Uw Scoregeschiedenis
U heeft deze quiz nog niet genomen